Statistics for Countries Mentioned in the Most Jetpunk Interesting Facts

Click here to take the quiz!

General Stats

  • This quiz has been taken 33 times
  • The average score is 16 of 21

Answer Stats

#Country% Correct
25China
100%
12Russia
97%
22United Kingdom
97%
121United States
97%
16Japan
94%
27France
91%
18Canada
88%
17Germany
88%
10India
88%
8Italy
88%
9Australia
81%
5Mexico
81%
5South Korea
81%
13Spain
81%
4New Zealand
69%
8Greece
66%
4Turkey
66%
5Ireland
56%
4Philippines
50%
5Iceland
44%
4Vietnam
44%

Score Distribution

Percentile by Number Answered

Percent of People with Each Score

Your Score History

You have not taken this quiz